| 000 | 00402nam a22001577a 4500 | ||
|---|---|---|---|
| 003 | SGT | ||
| 020 | _a978-1-4511-00471-1 | ||
| 082 |
_a616.89 _bK17S |
||
| 100 | _aSADICK, BENJAMIN | ||
| 245 | _aKAPLAN & SADOCK'S COMPREHENSIVE TB. OF PSYCHIATRY VOL-1& 2 | ||
| 250 | _a10TH | ||
| 260 |
_aPHILADELPHIA _bWOLTERS KLUWER PUB _c2017 |
||
| 300 | _a1-2176, 4621 | ||
| 650 | _aPSYCHIATRY | ||
| 942 |
_2ddc _cBK |
||
| 999 |
_c18720 _d18720 |
||